Chemistry (Record no. 9393)

000 -LEADER
fixed length control field 00579 a2200205 4500
020 ## - INTERNATIONAL STANDARD BOOK NUMBER
International Standard Book Number 0131402080
035 ## - SYSTEM CONTROL NUMBER
System control number (OCoLC)ocm51923659
040 ## - CATALOGING SOURCE
Original cataloging agency DLC
Language of cataloging DLC
082 00 - DEWEY DECIMAL CLASSIFICATION NUMBER
Classification number 540
100 1# - MAIN ENTRY--PERSONAL NAME
Personal name McMurry, John.
245 10 - TITLE STATEMENT
Title Chemistry
Statement of responsibility, etc. John McMurry, Robert C. Fay.
250 ## - EDITION STATEMENT
Edition statement 4th ed.
260 ## - PUBLICATION, DISTRIBUTION, ETC.
Place of publication, distribution, etc. India :
Name of publisher, distributor, etc. Pearson Education,
Date of publication, distribution, etc. c2004.
300 ## - PHYSICAL DESCRIPTION
Extent 1 v. (various pagings) :
Other physical details ill. (some col.) ;
Dimensions 28 cm. +
Accompanying material 1 CD-ROM (4 3/4 in.)
500 ## - GENERAL NOTE
General note Includes index.
650 #0 - SUBJECT ADDED ENTRY--TOPICAL TERM
Topical term or geographic name entry element Chemistry.
700 1# - ADDED ENTRY--PERSONAL NAME
Personal name Fay, Robert C.,
Dates associated with a name 1936-
700 1# - ADDED ENTRY--PERSONAL NAME
Personal name McCarty, Logan.
942 ## - ADDED ENTRY ELEMENTS (KOHA)
Koha item type Book
Call number prefix 540 MCM
Source of classification or shelving scheme
Holdings
Withdrawn status Lost status Damaged status Not for loan Collection code Permanent Location Current Location Shelving location Date acquired Source of acquisition Cost, normal purchase price Total Checkouts Full call number Barcode Date last seen Date last checked out Price effective from Koha item type Total Renewals
          Central Library (CL) Central Library (CL) General Stacks 01/16/2007 Allied Book Company 445.50 2 540 MCM SEECS007984 12/12/2022 10/15/2022 01/05/2017 Book  
          Central Library (CL) Central Library (CL) General Stacks 01/16/2007 Allied Book Company 445.50 1 540 MCM SEECS007985 09/16/2023 02/01/2019 01/05/2017 Book 1
© 2023 Central Library, National University of Sciences and Technology. All Rights Reserved.